সুশিক্ষাবর্ষ স্মারকগ্রন্থ ২০০৩ / (Record no. 26195)

MARC details
000 -LEADER
fixed length control field 01146nam a22001817a 4500
003 - CONTROL NUMBER IDENTIFIER
control field BDDh-ASL
005 - DATE AND TIME OF LATEST TRANSACTION
control field 20231015030619.0
008 - FIXED-LENGTH DATA ELEMENTS--GENERAL INFORMATION
fixed length control field 211004s2003 b ||||| |||| 00| 0 b d
040 ## - CATALOGING SOURCE
Transcribing agency BDDh-ASL
082 ## - DEWEY DECIMAL CLASSIFICATION NUMBER
Classification number 928
Item number SUS
245 00 - TITLE STATEMENT
Title সুশিক্ষাবর্ষ স্মারকগ্রন্থ ২০০৩ /
Statement of responsibility, etc. মনসুর মুসা ও অন্যান্য (সম্পা.)
246 ## - VARYING FORM OF TITLE
Title proper/short title Sushiksmabarsha Smarakgrantha 2003
260 ## - PUBLICATION, DISTRIBUTION, ETC.
Place of publication, distribution, etc. ঢাকা:
Name of publisher, distributor, etc. বাংলা একাডেমি,
Date of publication, distribution, etc. ২০০৩।
300 ## - PHYSICAL DESCRIPTION
Extent ৩২৮ পৃষ্ঠা, :
Dimensions ২২ সে. মি.
Other physical details ছবি;
650 #0 - SUBJECT ADDED ENTRY--TOPICAL TERM
Topical term or geographic name entry element Commemoration Volume (স্মারকগ্রন্থ), Memoirs, স্মারকগ্রন্থ, Smārakagrantha, Souvenir, স্মরণিক, স্মারকগ্রন্থ, স্মৃতিকথা, Smr̥tikathā, Memoirs, Reminiscences, স্মরণিকা, Smaraṇikā, Souvenir, স্যুভেনির, অভিজ্ঞান, Syubhēnira, so͞ovəˈnir, memorial, souvenir, remembrancer
9 (RLIN) 4668
700 1# - ADDED ENTRY--PERSONAL NAME
9 (RLIN) 307
Personal name মুসা, মনসুর
942 ## - ADDED ENTRY ELEMENTS (KOHA)
Source of classification or shelving scheme Dewey Decimal Classification
Koha item type Books
Holdings
Withdrawn status Lost status Source of classification or shelving scheme Damaged status Not for loan Collection code Home library Current library Shelving location Date acquired Source of acquisition Total Checkouts Full call number Barcode Date last seen Copy number Price effective from Koha item type
    Dewey Decimal Classification     Non-fiction Asiatic Society Library Asiatic Society Library General Stacks 10/04/2021 Donated by Prof. (Dr.) M. Abdul Qayyum & Dr. Razia Sultana   928 SUS 112190 10/04/2021 C-1 10/04/2021 Books

Powered by Koha